000 00245nam a2200097Ia 4500
001 1212094
005 20250827024448.0
008 250824s9999 xx 000 0 und d
245 0 _aLEYLANIN EVİ
_cZÜLFÜ LİVANELİ
260 _bREMZİ KİTABEVİ
999 _c1212094
_d1212094